Normal view
MARC view
- Donat, Karl von
Entry Personal Name
001 - CONTROL NUMBER
- control field: 49471
003 - CONTROL NUMBER IDENTIFIER
- control field: NUST
005 - DATE AND TIME OF LATEST TRANSACTION
- control field: 20210314134337.0
008 - FIXED-LENGTH DATA ELEMENTS
- fixed length control field: 210314|| aca||aabn | a|a d
040 ## - CATALOGING SOURCE
- Original cataloging agency: NUST
- Transcribing agency: NUST
100 ## - HEADING--PERSONAL NAME
- Personal name: Donat, Karl von
670 ## - SOURCE DATA FOUND
- Source citation: Work cat.: (NUST): Bernhardi, Friedrich von, 49470, On war of to-day,, 1912-13.
